| 000 | 02060nam a2200289 a 4500 | ||
|---|---|---|---|
| 001 | 77607 | ||
| 003 | BD-RjUL | ||
| 005 | 20211209083012.0 | ||
| 008 | 201208s2007 bg a|||| m||| 00| 0 ben d | ||
| 035 | _a(BD-RjUL)77833 | ||
| 040 |
_aBD-RjUL _bben / eng _cBD-RjUL _dBD-RjUL |
||
| 041 | _aben | ||
| 082 |
_a324.22092 _bRAA 2007 _223 |
||
| 100 |
_aরহমান, খোন্দকার মুশফিকুর _9242391 |
||
| 245 | 1 | 0 |
_aআবুল মনসুর আহমদ : _bজীবন, রাজনীতি ও ভাবনা / _cখোন্দকার মুশফিকুর রহমান : _6প্রিন্সিপ্যাল সুপারভাইজার: মোহাম্মদ শাফি ; কো-সুপারভাইজার: এম. ময়েজুল ইসলাম |
| 260 |
_aরাজশাহী : _bইতিহাস বিভাগ, রাজশাহী বিশ্ববিদ্যালয়, _c২০০৭ |
||
| 300 |
_aiv, [৮], ২৬৫ পাতা : _bচিএ ; _c২৯ সেমি. |
||
| 502 | _aথিসিস (পিএইচ. ডি.) -- ইতিহাস বিভাগ, রাজশাহী বিশ্ববিদ্যালয়, ২০০৭ | ||
| 504 | _aগ্রন্থপঞ্জি : পাতা ২৪৮-২৬৩ | ||
| 600 |
_aআহমদ, আবুল মনসুর _d১৮৯৮--১৯৭৯ _xসমালোচনা এবং ব্যাখ্যা _y _9242680 |
||
| 600 |
_aAhmad, Abul Mansur _d1898-1979 _xCriticism and interpretation. _9242681 |
||
| 650 |
_aরাজনীতিবিদ _zবাংলাদেশ _xসমালোচনা এবং ব্যাখ্যা _9242676 |
||
| 650 |
_aPolititian _zBangladesh _xCriticism and interpretation. _9242677 |
||
| 700 |
_aশাফি, মোহাম্মদ, প্রিন্সিপ্যাল সুপারভাইজার _9242396 |
||
| 700 |
_aইসলাম, এম. ময়েজুল, কো-সুপারভাইজার _9242397 |
||
| 942 |
_2ddc _cTHE |
||
| 999 |
_c77607 _d77607 |
||